000
00334nam a22001457a 4500
008
210426b ||||| |||| 00| 0 eng d
020
_a
9780683077575
041
_a
eng
080
_a
61
082
_a
61
100
_a
4
101
_a
SHM
245
_a
Motor Control Theory and Practical Applications
_c
Shumway,A
942
_2
udc
_c
BK
999
_c
56698
_d
56698